|
|
|
|
| LEADER |
00000cam a2200000 4500 |
| 001 |
vtls011882134 |
| 003 |
SK-MaSNL |
| 005 |
20260302022647.0 |
| 008 |
250312s1952 ru a jr 000 j rus |
| 015 |
|
|
|a SNBA1952
|
| 020 |
|
|
|q (brožované)
|
| 035 |
|
|
|a urn:nbn:sk:snk-am00deny
|
| 035 |
|
|
|a urn:nbn:sk:snk-am3hznh
|
| 035 |
|
|
|a 9FDC66D0-D46F-4B9A-A8FF-7EDCC6B377B0
|
| 040 |
|
|
|a SNK
|b slo
|c SNK
|e rda
|
| 041 |
1 |
|
|a rus
|h cze
|
| 044 |
|
|
|a ru
|c RU
|
| 072 |
|
7 |
|a 821.162.3
|x Česká literatúra
|2 konspekt
|
| 080 |
|
|
|a 821.162.3-34
|2 2011
|
| 080 |
|
|
|a 82-93-053.4/.5
|2 2011
|
| 100 |
1 |
|
|a Jirásek, Alois,
|d 1851-1930
|4 aut
|9 104443
|
| 245 |
1 |
0 |
|a Janošik
|b starinnyje češskije skazanija
|c Alois Irasek ; risunky I. Kuskova ; sokraščennyj perevod F. Bogoljubovoj
|
| 264 |
|
1 |
|a Moskva
|b Gosudarstvennoje izdatel'stvo detskoj literatury ministerstva prosveščenija RSFSR
|c 1952
|
| 300 |
|
|
|a 31 strán
|b ilustrácie
|c 22 cm
|
| 336 |
|
|
|a text
|b txt
|2 rdacontent
|
| 337 |
|
|
|a bez média
|b n
|2 rdamedia
|
| 338 |
|
|
|a zväzok
|b nc
|2 rdacarrier
|
| 490 |
1 |
|
|a Kniga za knigoj
|
| 500 |
|
|
|a Pravdepodobne preložené z češtiny
|
| 504 |
|
|
|a Obsahuje poznámky
|
| 655 |
|
7 |
|a české povesti
|2 SNKPH
|9 70779
|
| 655 |
|
7 |
|a Czech legends
|2 SNKPHeng
|9 427443
|
| 655 |
|
7 |
|a literatúra pre deti
|2 SNKPH
|9 87135
|
| 655 |
|
7 |
|a Children's literature
|2 SNKPHeng
|9 276039
|
| 700 |
1 |
|
|a Kuskova, I.
|4 ill
|9 668457
|
| 700 |
1 |
|
|a Bogoljubovoj, F
|4 trl
|9 668458
|
| 830 |
|
0 |
|a Kniga za knigoj
|9 668459
|
| 852 |
|
|
|a Slovenská národná knižnica
|
| 954 |
|
|
|a beletria cudzojazyčná (svetová)
|2 lita
|
| 958 |
|
|
|a LX
|
| 958 |
|
|
|a UP
|
| 958 |
|
|
|a DB
|
| 958 |
|
|
|a OND
|
| 968 |
|
|
|a RUS
|b ČES
|
| 999 |
|
|
|c 1033613
|d 1035543
|
| 952 |
|
|
|a SNK
|b SNK
|y PREZ
|7 0
|p 17A0799115
|o snkSC 9437
|i snkKSF 1415/57
|8 5
|0 0
|1 0
|4 0
|d 2019-08-19
|f 1
|l 0
|r 2025-07-09 00:00:00
|w 2026-02-24
|